000
00228 a2200097 4500
001
53134
100
_a
Kaiser W A
245
_a
From Electronics to Microelectronics
260
_a
_b
North Holland Pub.
_c
090
_c
33421
_d
33421
942
_a
NUST-CAE
_c
M
_c
26027
999
_c
288207
_d
288207